All starter Pokemon (Sudden Death) - Statistics

General Stats
  • This quiz has been taken 380 times
  • The average score is 18 of 27
Answers on the Grid
Answers color-coded by a green-red scale on the quiz's grid according to % correct below.
Pikachu
Tepig
Pidgey
Ralts
Rattata
Popplio
Fennekin
Gible
Oddish
Bulbasaur
Buneary
Grookey
Cyndaquil
Chikorita
Scyther
Caterpie
Piplup
Oshawott
Snivy
Chansey
Phanpy
Squirtle
Starly
Sudowoodo
Glameow
Charmander
Mudkip
Sentret
Torchic
Totodile
Vulpix
Fuecoco
Shaymin
Gengar
Plusle
Treecko
Togedemaru
Helioptile
Sunflora
Froakie
Scorbunny
Sprigatito
Togepi
Ditto
Wurmple
Litten
Bronzor
Snorlax
Quaxly
Rowlet
Blitzle
Natu
Chespin
Jigglypuff
Sobble
Chimchar
Beldum
Hoothoot
Turtwig
Ekans
 
Answer Stats
Answer % Correct
Bulbasaur
81%
Squirtle
79%
Charmander
76%
Piplup
75%
Cyndaquil
74%
Mudkip
74%
Totodile
74%
Treecko
73%
Chikorita
71%
Torchic
71%
Chimchar
69%
Snivy
68%
Tepig
68%
Turtwig
68%
Froakie
67%
Oshawott
65%
Chespin
63%
Fennekin
63%
Litten
60%
Scorbunny
59%
Sprigatito
59%
Grookey
57%
Popplio
57%
Rowlet
57%
Fuecoco
56%
Sobble
55%
Quaxly
52%
No matching quizzes found
Score Distribution
Percent of People with Each Score
Percentile by Number Answered
Your Score History
You have not taken this quiz